00836 2200301 4500001002100000005001500021035002000036007000300056008004100059020002200100082001000122084001400132100001900146245015500165260004500320300003700365650001900402990001100421990001100432990001100443990001100454990001100465990001100476990001200487990001100499990001200510990001200522INLIS00000000000213220180726101802 a0010-0718000084ta180726 g 0 ind  a978-602-03-1565-2 a371.3 a371.3 RUA0 aRUANG, Belajar1 aRuang Belajar :bKumpulan Metode Belajar Kreatif dari Penjuru Nusantara /cPengajar Muda Gerakan Indonesia Mengajar; penyunting, Relawan Ruang Belajar aJakarta :bGramedia Pustaka Utama,c2015 axvi, 266 hlm. :bilus. ;c21 cm. aMETODE BELAJAR a16475a a16475b a16475b a16475a a16475a a16475b a16475 a a16475b a16475 b a16475 a